000 00712nam a2200253Ia 4500
003 OSt
005 20220925204411.0
006 a|||||r|||| 00| 0
007 ta
008 220923b |||||||| |||| 00| 0 eng d
037 _cGeneral Book
040 _aRTL
_cRTL
_beng
041 _2eng
_aeng
082 _aX64.1.N9, N7
110 _aWorld Trade Organisation
245 0 _aOpenign markets in financial services and the role
260 _aGeneva
_bW T O
_c1997
300 _a56p
_ccm.
490 _aWorld Trade Organization : Special Studies , 1
650 _aMoney Markets
700 _aWorld Trade Organisation
942 _hX64.1.N9, N7
_cGB
_2CC
999 _c549317
_d549317